• 首页
  • 本馆介绍
  • 公告通知
  • 最新文献
  • 馆藏检索
  • 电子资源
  • 读者导购
  • 参考咨询
  • 我的图书馆
  • 登录
  • 详细信息显示
  • 放入我的书架
  • 预约/预借图书
  • 作者相关作品
  • 分类相关作品
  • 丛书相关作品
  • 出版社相关作品

书目信息

  • 表格格式
  • 工作单格式
  • 卡片格式
题名:
数字视频创意设计与实现
    
 
作者: 王靖 主编
分册:  
出版信息: 北京   北京大学出版社  2010
页数: 254页
开本: 26cm
丛书名:
单 册:
中图分类: TN941.3
科图分类:
主题词: 视频信号--数字技术--高等学校--教材 , 视频信号 , 数字技术
电子资源:
ISBN: 978-7-301-15894-4
000 00964nam0 2200277 45
001 1050970250
005 20100420094845.10
010    @a978-7-301-15894-4@dCNY35.00
100    @a20100322d2009 em y0chiy50 ea
101 0  @achi
102    @aCN@b110000
105    @aa z 000yy
106    @ar
200 1  @a数字视频创意设计与实现@AShu Zi Shi Pin Chuang Yi She Ji Yu Shi Xian@f王靖主编@FWang Jing Zhu Bian
210    @a北京@c北京大学出版社@d2010
215    @a254页@c图@d26cm@e附光盘1片
300    @a21世纪教育技术与传播系列教材·数字媒体技术创意
307    @a附光盘:ISBN 978-7-900488-55-1
330    @a本书介绍了数字视频制作基础、稿本创作、画面构图、数字视频素材的获取、数字视频的编辑制作、数字视频特效、字幕设计等内容。
606 0  @a视频信号@x数字技术@x高等学校@j教材
606 0  @a视频信号
606 0  @a数字技术
690    @aTN941.3@v4
701  0 @a王靖@AWang Jing@4主编
801  0 @aCN@bTANGWEI@c20100420
905    @b0592239-42@dTN941.3@e235@f4
    
    数字视频创意设计与实现/王靖主编.-北京:北京大学出版社,2010
    254页:图;26cm+附光盘1片
    21世纪教育技术与传播系列教材·数字媒体技术创意
    
    ISBN 978-7-301-15894-4:CNY35.00
    本书介绍了数字视频制作基础、稿本创作、画面构图、数字视频素材的获取、数字视频的编辑制作、数字视频特效、字幕设计等内容。
●
相关链接 在E读中查询图书 在五车中查询图书 在当当中查询图书 在豆瓣中查询图书


正题名:数字视频创意设计与实现     索取号:TN941.3/235         预约/预借

序号 登录号 条形码 馆藏地/架位号 状态 备注
1 0592239   205922395   第二样本阅览室/ [索取号:TN941.3/235] 在馆    
2 0592240   205922402   第三借阅区/ [索取号:TN941.3/235] 在馆    
3 0592241   205922411   第三借阅区/ [索取号:TN941.3/235] 在馆    
4 0592242   205922420   密集书库-物理学院/ [索取号:TN941.3/235] 在馆    
唐山师范学院图书馆 欢迎您!
大连网信软件有限公司© 版权所有